00676nam a2200229Ia 4500001001000000003000500010008004100015010001100056040000900067082001700076100001700093245010100110260002800211300001000239500004900249503001500298650003200313650002500345700001900370700001700389710004000406Para_8771CHAP220125s2002 xx 000 0 und d a207552 cCHAP aPA 634.3 W5y aTimmer, L.W. aPlagas y enfermedades de los cítricos /c editado. por L.W. Timmer, S.M. Garnsey y J.H. Graham aMadrid :b Mundi Prensa a95 p. aTraduccion de: Compendium of citrus diseases aC/e (ej.1) aCítricos x enfermedades  aCítricos x plagas aGarnsey, S.M.  aGraham, J.H. aThe American Phytopathology Society